| 000 | 00414nam a22001577a 4500 | ||
|---|---|---|---|
| 008 | 250528b |||||||| |||| 00| 0 eng d | ||
| 020 | _a9789787921739 | ||
| 050 |
_aJX234 _b.Y47 2023 |
||
| 100 | _aYesufu Kemi | ||
| 245 | _aWoman Of The 9th Senate | ||
| 260 |
_aAbuja _bKemong Media Limited _c2023 |
||
| 300 |
_axii 257p. _billustration |
||
| 650 | _aWoman in Politics | ||
| 700 | _aOluwasegun Victor | ||
| 942 | _cBK | ||
| 999 |
_c3693 _d3693 |
||